Manuel de secourisme (Record no. 48403)
[ view plain ]
| 000 -LEADER | |
|---|---|
| fixed length control field | 00654nam a22002057a 4500 |
| 008 - FIXED-LENGTH DATA ELEMENTS--GENERAL INFORMATION | |
| fixed length control field | 101129t xxu||||| |||| 00| 0 eng d |
| 020 ## - INTERNATIONAL STANDARD BOOK NUMBER | |
| International Standard Book Number | 2-257-82903-4 |
| 040 ## - CATALOGING SOURCE | |
| Original cataloging agency | BUAC |
| Transcribing agency | SDINJS |
| 041 ## - LANGUAGE CODE | |
| Language code of text/sound track or separate title | FR |
| 082 ## - DEWEY DECIMAL CLASSIFICATION NUMBER | |
| Classification number | 614.88 (075) VIE |
| 100 ## - MAIN ENTRY--PERSONAL NAME | |
| Personal name | VIEUX, Norbert .- |
| 9 (RLIN) | 11699 |
| 245 ## - TITLE STATEMENT | |
| Title | Manuel de secourisme |
| 260 ## - PUBLICATION, DISTRIBUTION, ETC. (IMPRINT) | |
| Place of publication, distribution, etc | Paris: |
| Name of publisher, distributor, etc | Flammarion Médecine-Sciences, |
| Date of publication, distribution, etc | 1980 .- |
| 300 ## - PHYSICAL DESCRIPTION | |
| Extent | 382 p.: ill., index; |
| Dimensions | 21 cm .- |
| 440 ## - SERIES STATEMENT/ADDED ENTRY--TITLE | |
| Title | (Collection des manuels d'enseignement de la Croix-Rouge Française) .- |
| 9 (RLIN) | 11700 |
| 650 ## - SUBJECT ADDED ENTRY--TOPICAL TERM | |
| Topical term or geographic name as entry element | Secourisme: premiers secours |
| 9 (RLIN) | 11701 |
| 700 ## - ADDED ENTRY--PERSONAL NAME | |
| Personal name | JOLIS, Pierre |
| 9 (RLIN) | 11702 |
| 700 ## - ADDED ENTRY--PERSONAL NAME | |
| Personal name | GENTILS, René |
| 9 (RLIN) | 11703 |
| 942 ## - ADDED ENTRY ELEMENTS (KOHA) | |
| Item type | Livre |
| Withdrawn status | Lost status | Damaged status | Not for loan | Location (home branch) | Sublocation or collection (holding branch) | Date acquired | Koha issues (times borrowed) | Koha full call number | Piece designation (barcode) | Koha date last seen | Copy number | Price effective from | Koha item type | Public note | Koha date last borrowed |
|---|---|---|---|---|---|---|---|---|---|---|---|---|---|---|---|
| Service Documentation Institut National Jeunesse Sport | Service Documentation Institut National Jeunesse Sport | 29/11/2010 | 614.88 (075) VIE | 0224INJEPS | 29/11/2010 | 1 | 29/11/2010 | Livre exclu du prêt | Exclu du prêt | ||||||
| Service Documentation Institut National Jeunesse Sport | Service Documentation Institut National Jeunesse Sport | 29/11/2010 | 8 | 614.88 (075) VIE | 1640INJEPS | 01/02/2013 | 2 | 29/11/2010 | Livre | 18/01/2013 | |||||
| Service Documentation Institut National Jeunesse Sport | Service Documentation Institut National Jeunesse Sport | 29/11/2010 | 9 | 614.88 (075) VIE | 0222INJEPS | 24/07/2012 | 3 | 29/11/2010 | Livre | 19/07/2012 |